000 01409nam a22004217a 4500
003 CHAP
005 20220817044256.0
008 090619s2008 it ab rn 00010 eng d
010 _a96402
011 _a97374
020 _a9789251058978
035 _a108040
040 _cCHAP
082 0 4 _a639.2
_bF3y v.504
110 2 _aFAO
245 1 0 _aCase studies in fisheries self-governance
_c/ed. by R. Townsend, R. Shotton and H. Uchida
260 _aRome :
_bFAO,
_c2008
300 _ax, 451 p. :
_bilus., gráfs., cuadros, mapas
490 0 _aDocumento técnico de pesca
_v; 504
590 _aBATCH-UPD
_b10
_c20130110
_lUCH01
_h0537
590 _aBATCH-UPD
_b10
_c20130110
_lUCH01
_h2355
590 _aBATCH-UPD
_b10
_c20130410
_lUCH01
_h0218
590 _aBATCH-UPD
_b10
_c20130914
_lUCH01
_h1105
590 _aCONVERSION
_b10
_c20130109
_lUCH01
_h1353
650 1 4 _aAdministracion pesquera.
_9933
650 1 4 _aCrustáceos.
_929267
650 1 4 _aIndustria del pescado.
_957809
650 1 4 _aMoluscos.
_977447
650 1 4 _aPesca cooperativa.
_987435
650 1 4 _aPolítica pesquera.
_990684
700 0 _aShotton, Ross
_e, ed.
_9105747
700 1 _aTownsend, R.
_e, ed.
_9114447
700 1 _cUchida, H.
_eed.
_9124360
830 0 0 _aDocumento técnico de pesca
_v; 504
_933242
901 _aBK
942 _cLIBRO
949 _a639.2 F3y v.504
_bBC
_cFAO
_d09789251058978
_eFAO1
_gDonaciØn
_h110706
_i108040
_sb
999 _c96402
_d96402